000 01275nam2a2200265 4500
001 RU\NLR\bibl\1677075
005 20250616050212.0
010 _a978-5-85094-320-2
_9100
021 _aRU
_b2010-62325
_94086
035 _a(NLR Aleph) 001668307
090 _a1025236
_c1025236
100 _a20100922d2010 |||y0rusy50 ca
101 0 _arus
102 _aRU
105 _aa |||||||||
200 0 _aЧ. 2
210 _d2010
_aБ. м.
215 _a108 с.
_cил.
320 _aБиблиогр.: с. 108 (9 назв.)
461 0 _1001RU\NLR\bibl\1700312
_12001#$aОсновы декоративно-прикладного искусства$vЧ. 2
_91163058
_cКомсомольск-на Амуре
_d2009
_fМ-во образования и науки Рос. Федерации, Федер. агентство по образованию, Федер. гос. образоват. учреждение высш. проф. образования "Амур. гуманитар.-пед. гос. ун-т"
_nИзд-во АмГПГУ
_oучебное пособие : в 2 ч.
_tОсновы декоративно-прикладного искусства
_vЧ. 2
801 0 _aRU
_bNLR
_c20100922
_gRCR
801 1 _aRU
_bNLR
_c20100922
942 _cBOOK
980 _aNB